US Catholic Dioceses Map Quiz - Midwest - Statistics

General Stats
  • This quiz has been taken 210 times
  • The average score is 38 of 54
Answers on the Map
Answers color-coded by a green-red scale on the quiz's map according to % correct below.
 
Answer Stats
Diocese % Correct
Archdiocese of Chicago
97%
Archdiocese of Saint Paul & Minneapolis
97%
Archdiocese of Detroit
96%
Archdiocese of Indianapolis
95%
Archdiocese of Kansas City
94%
Archdiocese of Milwaukee
94%
Diocese of Kansas City-Saint Joseph
94%
Diocese of Columbus
93%
Diocese of Des Moines
93%
Diocese of Springfield-Cape Girardeau
93%
Archdiocese of Omaha
92%
Diocese of Lincoln
92%
Diocese of Springfield (in Illinois)
92%
Diocese of Cleveland
91%
Archdiocese of St. Louis
90%
Diocese of Madison
89%
Archdiocese of Cincinnati
88%
Diocese of Bismarck
87%
Diocese of Toledo
87%
Diocese of Fargo
84%
Diocese of Sioux Falls
84%
Diocese of Green Bay
83%
Diocese of Duluth
82%
Diocese of Lansing
82%
Diocese of Fort Wayne-South Bend
79%
Diocese of Grand Rapids
79%
Diocese of Gary
78%
Diocese of Wichita
76%
Diocese of Jefferson City
74%
Diocese of Sioux City
65%
Diocese of Winona-Rochester
65%
Diocese of Peoria
63%
Diocese of Marquette
60%
Diocese of Rockford
59%
Diocese of Kalamazoo
58%
Diocese of Rapid City
58%
Archdiocese of Dubuque
57%
Diocese of Davenport
57%
Diocese of Youngstown
57%
Diocese of Evansville
56%
Diocese of La Crosse
54%
Diocese of Saginaw
52%
Diocese of Joliet
51%
Diocese of Superior
49%
Diocese of Saint Cloud
47%
Diocese of Lafayette
46%
Diocese of Dodge City
44%
Diocese of Steubenville
44%
Diocese of Grand Island
43%
Diocese of Gaylord
39%
Diocese of Salina
36%
Diocese of Belleville
28%
Diocese of New Ulm
24%
Diocese of Crookston
22%
No matching quizzes found
Score Distribution
Percent of People with Each Score
Percentile by Number Answered
Your Score History
You have not taken this quiz